000 00433nab a2200145Ia 4500
003 ES-SlBCS
005 20210601143857.0
008 140529s1997 xxu||||| |||| 00| 0 spa d
041 _aspa
100 1 _aScantingurgo, Joao de
_9294297
245 0 0 _aReflexoes sobre o tema da justiça
_c Joao de Scantingurgo
650 0 4 _aJusticia
_992182
773 0 _tPresença Filosofica
_gvol. 22, nº. 1-2, 1997, págs. 1-8
_wRev966
942 _cAR
999 _c699266
_d699266